Ian Chappell All Time NSW v Barbados XIs - Statistics

General Stats
  • This quiz has been taken 6 times
  • The average score is 11 of 22
Answer Stats
Hint Answer % Correct
Batter NSW Don Bradman
83%
All-Rounder BARBADOS Garry Sobers
83%
Bowler NSW Glenn McGrath
83%
Wicketkeeper NSW Brad Haddin
67%
Wicketkeeper BARBADOS Clyde Walcott
67%
Batter BARBADOS Everton Weekes
67%
Batter BARBADOS Gordon Greenidge
67%
Bowler BARBADOS Joel Garner
67%
Bowler BARBADOS Malcolm Marshall
67%
Batter NSW Mark Waugh
67%
Bowler NSW Bill O'Reilly
50%
Batter NSW Bob SImpson
50%
Batter BARBADOS Desmond Haynes
50%
All-Rounder NSW Keith Miller
50%
Bowling All-Rounder NSW Alan Davidson
33%
Batter NSW Arthur Morris
33%
Batter BARBADOS Frank Worrell
33%
Bowler NSW Ray Lindwall
33%
Bowler BARBADOS Wes Hall
33%
Bowler BARBADOS Charlie Griffith
17%
Batter NSW Stan McCabe
17%
All-Rounder BARBADOS Denis Atkinson
0%
No matching quizzes found
Score Distribution
Percent of People with Each Score
Percentile by Number Answered
Your Score History
You have not taken this quiz